Missing Word: This Day in History (January) Quiz Stats

 Plays Quiz Updated Jan 12, 2018

Score 0/31 Timer 05:00
0 Plays Today
Date Answer % Correct
5th (1933)Bridge
95.5%
14th (1954)Monroe
93.4%
19th (1809)Poe
92.6%
28th (1813)Prejudice
87.2%
25th (2004)Mars
87%
22nd (1988)Tyson
85.7%
10th (1920)Nations
84.7%
1st (1999)Euro
82.8%
30th (1969)Beatles
82%
7th (1979)Cambodia
80.7%
8th (1877)Horse
79.6%
16th (1979)Iran
78.8%
29th (1959)Sleeping
78%
24th (41)Rome
76.6%
6th (1759)Martha
72.5%
21st (1977)Draft
71.2%
Date Answer % Correct
15th (2001)Wikipedia
71.2%
12th (1966)Batman
66.8%
4th (2010)Dubai
64%
26th (1965)Hindi
62.4%
13th (1968)Folsom
61.5%
31st (1606)Fawkes
61.3%
27th (1984)Pepsi
58.2%
2nd (1935)Lindbergh
56.8%
9th (1493)Mermaids
45.6%
17th (1893)Sugar
44.6%
11th (1935)Hawaii
44.1%
23rd (2011)Google
35.6%
3rd (1990)Noriega
35.5%
20th (1356)Scotland
24.7%
18th (1778)Sandwich
23.6%

Today's Daily Dose

Missing Word
Louisiana A-Z

Word Ladder
Cincinnati Reds

Quick Pick
Jason Speaks!

Get the Picture
NBA vs NCAA

You're not logged in!

Compare scores with friends on all Sporcle quizzes.
OR
Log In

Sporcle TV

Today on Sporcle TV


Watch our educational content, quiz creation guides, and fun videos on Sporcle TV.

Show Comments

Extras

Top Quizzes Today


Score Distribution

Your Account Isn't Verified!

In order to create a playlist on Sporcle, you need to verify the email address you used during registration. Go to your Sporcle Settings to finish the process.

Report this User

Report this user for behavior that violates our Community Guidelines.

Details: